[Event "Yingmei CHN-chT 2018"]
[Site "Shenzhen"]
[Date "2018.04.13"]
[Round "3"]
[White "Yu, Yangyi"]
[Black "Lin, Yi"]
[Result "1/2-1/2"]
[WhiteElo "2760"]
[BlackElo "2360"]
[Annotator "TA"]
[PlyCount "152"]
[EventDate "2018.??.??"]
[EventCountry "CHN"]
[SourceTitle "playchess.com"]
[Source "ChessBase"]
[SourceQuality "1"]

{[%evp 9,152,0,0,2,16,3,25,19,18,9,0,8,34,32,63,27,33,26,40,26,28,19,21,-3,12,0,0,0,0,0,3,2,11,5,6,7,8,17,12,1,6,0,0,0,0,0,0,0,0,0,0,0,0,0,0,0,0,0,0,0,0,0,0,0,0,0,0,0,0,-16,-12,-11,-16,-22,-8,-8,-8,-9,0,0,0,0,0,-8,0,0,0,0,0,-36,0,0,0,0,0,0,0,0,0,-24,0,0,0,-19,0,0,0,0,0,0,0,0,0,0,0,0,0,0,13,12,13,0,13,8,13,0,0,0,0,0,0,0,0,0,0,0,0,0,0,-8,0,0,0,-8,0]} 1. c4 g6 2. e4 e5 3. d4 Nf6 4. f3 (4. Nf3 exd4 5. e5 Ne4 6. Qxd4 Bb4+ 7. Kd1 f5 8. exf6 Nxf6 9. Bh6 Nc6 10. Qe3+ Kf7 11. c5 d5 12. cxd6 cxd6 {1-0 (59) Harikrishna,P (2744)-Aronian,L (2805) Riadh 2017}) 4... exd4 5. Qxd4 Nc6 6. Qf2 {A10: English Opening: Unusual Replies for Black} Bg7 7. Nc3 $146 ({Predecessor:} 7. Nh3 d6 8. Nf4 O-O 9. Be3 Re8 10. Nc3 Bd7 11. Be2 Ne5 {1-0 (43) Desoye,G (1851)-Buchaeckert,J (1807) Bayerisch Eisenstein 2012}) 7... O-O 8. Be3 {White has an edge.} d6 9. Nge2 Ne5 10. Nf4 b6 11. Qd2 c6 12. Be2 Qe7 13. Rd1 Rd8 14. h4 h5 15. O-O Bb7 16. b4 Rac8 17. Rc1 d5 18. cxd5 Qxb4 19. Rfd1 cxd5 20. Ncxd5 Qxd2 21. Bxd2 {[#] aiming for Ne7+.} Nxd5 22. Nxd5 Bxd5 23. exd5 Bf8 24. Kf1 f6 25. Ba6 Rxc1 26. Bxc1 Bc5 27. Bb2 Kg7 28. a4 Nf7 29. Bc1 Nd6 30. Bd3 Nf7 31. Bb1 Nd6 32. Bf4 Nc4 33. Ba2 Ne3+ 34. Bxe3 $1 Bxe3 $11 {[%mdl 4096] Endgame KRB-KRB} 35. d6 Bf4 36. d7 Bg3 37. Rd4 Be5 38. Rd3 Bg3 39. f4 Bxf4 40. Ke2 Kf8 41. Kf3 Be5 42. Bc4 Ke7 43. Bb5 f5 44. Rd5 Ke6 45. Rd1 Ke7 46. Bc6 Bf6 47. g3 Be5 48. Rd5 Bc7 49. Bb5 Rf8 (49... a6 $5 50. Bxa6 Rxd7 51. Rxd7+ Kxd7 $17) 50. Rd1 Rd8 51. Re1+ Kd6 52. Rc1 a6 53. Rd1+ Ke7 54. Bc6 Be5 55. Rd5 {The position is equal.} Bd6 (55... Ke6 {keeps more tension.} 56. Rd1 Bb8 57. Rd3 Ke7 58. Rd2 Bc7) 56. Rd4 (56. Rd3 {is more complex.} Ke6 57. Re3+ Be5 58. Bb7 Kd6 59. Bc8) 56... Rxd7 (56... Rb8 {seems wilder.} 57. Rd5 Bc7 58. Rd4 Rf8 59. Bb7 Bd6) 57. Bxd7 Kxd7 {KR-KB} 58. Rd3 Ke6 59. Rb3 Bc7 $1 60. Rc3 Kd7 61. Ke2 b5 62. axb5 axb5 63. Re3 Bb6 64. Rb3 Bc7 65. Re3 Bb6 66. Ra3 Bc5 67. Ra8 Ke7 68. Rg8 Kf7 69. Rd8 Ke7 70. Rd5 (70. Rd3 {feels hotter.} Ke6 71. Rb3 b4 72. Rd3 Ke5 73. Rd7) 70... Bd6 71. Rd3 b4 72. Re3+ Kf6 73. Rf3 Be5 74. Re3 Bd6 75. Kf3 Be5 76. Ke2 Bd6 {Precision: White = 62%, Black = 58%.} 1/2-1/2

[Event "Yingmei CHN-chT 2018"]
[Site "Shenzhen"]
[Date "2018.04.13"]
[Round "3"]
[White "Jakovenko, Dmitry"]
[Black "Zhao, Yuanhe"]
[Result "1-0"]
[WhiteElo "2732"]
[BlackElo "2383"]
[Annotator "TA"]
[PlyCount "111"]
[EventDate "2018.??.??"]
[EventCountry "CHN"]
[SourceTitle "playchess.com"]
[Source "ChessBase"]
[SourceQuality "1"]

{[%evp 21,111,55,62,43,74,64,74,49,72,43,41,53,75,72,80,77,80,47,58,51,67,52,90,90,105,96,85,53,54,47,58,58,83,77,66,70,80,58,82,60,70,68,70,70,90,62,63,57,66,63,70,70,70,55,58,52,70,44,86,0,70,70,70,70,70,70,76,70,70,29,30,30,42,47,53,31,41,0,0,0,0,0,4,0,0,0,50,53,374,374,7074,6491]} 1. Nf3 Nf6 2. c4 c6 3. g3 d5 4. Bg2 Bf5 5. O-O e6 6. cxd5 cxd5 7. Qb3 Qb6 8. Qxb6 axb6 9. Nc3 Nc6 10. d3 h6 11. Nb5 Kd7 {LiveBook: 17 Games} 12. a3 $146 {A11: English Opening: 1...c6} ({Predecessor:} 12. Be3 Bc5 13. d4 Be7 14. Ne5+ Nxe5 15. dxe5 Ne4 16. Rfc1 Rhc8 17. Rxc8 Rxc8 18. Bxb6 Rc2 19. Bd4 Rxe2 {1-0 (38) Ding,L (2764)-Lu,S (2616) Shenzhen 2016}) 12... Be7 13. Be3 Bc5 14. Bd2 {White is better.} Rhc8 15. Rac1 Bg4 16. Bc3 Bxf3 17. Bxf3 Na7 18. Nxa7 Rxa7 19. e4 {Strongly threatening exd5.} d4 20. Bd2 Bd6 21. Be2 Rxc1 22. Rxc1 Ng8 23. f4 f6 24. f5 exf5 25. exf5 Ne7 26. Bf3 Nc6 27. Kg2 b5 28. Bd5 Ra8 29. Kf3 Kc7 30. Ke4 Be5 31. Bb4 Re8 32. Bf7 Rh8 33. Kd5 Kb6 34. Be1 Rd8+ 35. Ke4 Rf8 36. Be6 Re8 37. Kf3 Bd6 38. Bf2 Be5 39. Kg4 Re7 40. Kf3 Re8 $1 41. Ke4 Rd8 42. h3 {[%cal Bh2h3,Bh3h4][%mdl 32]} Rh8 43. g4 Rd8 44. h4 Rf8 45. b3 Ra8 46. Ra1 Nb4 47. a4 Nc6 48. Be1 Bd6 49. a5+ Ka6 50. Rc1 Rd8 51. Bd2 Bc7 52. g5 hxg5 53. hxg5 Rh8 54. Bd7 {[#] And now gxf6 would win.} Rh2 $2 {[%mdl 8192]} (54... Bxa5 $14 55. Bxa5 Nxa5) 55. Bxc6 $18 bxc6 $2 (55... Re2+ 56. Kf3 (56. Kxd4 bxc6 57. gxf6 gxf6 $11) 56... Rxd2 57. Bxb5+ Kxa5) 56. Rxc6+ {Precision: White = 49%, Black = 47%.} 1-0

[Event "Yingmei CHN-chT 2018"]
[Site "Shenzhen"]
[Date "2018.04.13"]
[Round "3"]
[White "Li, Chao b"]
[Black "Xiang, Zeyu"]
[Result "1/2-1/2"]
[WhiteElo "2732"]
[BlackElo "2411"]
[Annotator "TA"]
[PlyCount "126"]
[EventDate "2018.??.??"]
[EventCountry "CHN"]
[SourceTitle "playchess.com"]
[Source "ChessBase"]
[SourceQuality "1"]

{[%evp 20,126,6,0,0,0,0,0,0,-12,0,-25,-22,-14,0,-43,-47,-37,-15,-48,-47,-58,-29,-51,-38,-29,-4,-7,0,-7,0,0,0,0,0,0,7,7,7,0,0,0,0,0,0,0,0,0,0,0,0,0,0,0,0,0,28,10,10,10,10,10,10,10,10,10,10,0,10,10,10,10,10,10,10,0,10,10,10,10,10,0,10,10,10,10,10,10,10,0,10,10,10,10,10,10,10,10,10,10,10,10,10,0,10,0,0,0,0]} 1. c4 e6 2. Nf3 d5 3. e3 Nf6 4. b3 Be7 5. Bb2 O-O 6. Nc3 b6 7. d4 Bb7 8. Bd3 c5 9. O-O Nc6 10. Rc1 Rc8 {E14: Queen's Indian: Classical Variation (4 e3)} 11. Re1 {LiveBook: 5 Games} h6 $146 ({Find the theoretical novelty and annotate with similar games:} 11... Re8 12. cxd5 exd5 13. Bf5 Rb8 14. dxc5 Bxc5 15. Nb5 Ne4 16. Nbd4 Ne7 17. Bh3 Bc8 18. Bxc8 Rxc8 {0-1 (68) Marin,M (2548)-Sachdev,T (2419) Arinsal 2011}) 12. cxd5 Nxd5 13. Nxd5 Qxd5 14. e4 Qd8 {[%cal Rc6d4]} 15. dxc5 Bxc5 16. a3 Nd4 17. Bb1 {[%cal Rf3d4]} Nxf3+ 18. Qxf3 Qg5 19. Qe2 Rfd8 {[#] ...Rd2 is the strong threat.} 20. Red1 a5 21. a4 Rxd1+ 22. Rxd1 Rd8 23. g3 Bc6 24. Bc2 Bb7 25. Kf1 Qe7 26. h4 Rxd1+ 27. Qxd1 Qd6 (27... Bc8 {NOTEXT} 28. Kg2 f6 29. Bd3 Qd7 30. f4 Ba6) 28. Qxd6 Bxd6 $11 {[%mdl 4096] Endgame KBB-KBB} 29. Ke2 e5 30. Bd3 Kf8 31. f3 Ke7 32. Bc1 Bc5 33. f4 f6 34. f5 Bc6 35. g4 Kd6 36. g5 hxg5 37. hxg5 fxg5 38. Bxg5 Be8 {The position is equal.} 39. Bc4 Bh5+ 40. Kd3 Bf3 41. Bd5 Kd7 42. Bh4 Kd6 43. Be1 Bg4 44. Bf7 Ke7 45. Bg8 Bh5 46. Bh4+ Kd6 47. Bd5 Bg4 48. Bf7 Bf3 49. Bg5 Bg4 50. Bc4 Bh5 51. Kc2 Bf3 52. Bd5 Bg4 53. Ba8 Bh5 54. Bd2 Bf7 55. Bb7 Bh5 56. Ba6 Bf3 57. Kd3 Bg2 {[#] And now ...Bf1+ would win.} 58. Bb7 Bf1+ 59. Kc2 Be2 60. Bg5 Bh5 61. Bd5 Bg4 62. f6 gxf6 63. Bxf6 Bd4 {Precision: White = 53%, Black = 63%.} 1/2-1/2

[Event "Yingmei CHN-chT 2018"]
[Site "Shenzhen"]
[Date "2018.04.13"]
[Round "3"]
[White "Cheparinov, Ivan"]
[Black "Li, Shilong"]
[Result "1/2-1/2"]
[WhiteElo "2702"]
[BlackElo "2519"]
[Annotator "TA"]
[PlyCount "123"]
[EventDate "2018.??.??"]
[EventCountry "CHN"]
[SourceTitle "playchess.com"]
[Source "ChessBase"]
[SourceQuality "1"]

{[%evp 9,123,6,18,15,11,0,6,0,0,0,0,0,0,0,0,0,0,0,0,0,0,0,0,-27,-43,-59,-43,-47,-57,-50,-53,-53,-59,-64,-63,-74,-60,-88,-79,-81,-49,-90,-92,-98,-85,-97,-49,-62,-57,-43,-32,-56,-76,-108,-104,-97,-104,-61,-8,-6,0,0,-5,-6,-16,-29,-14,-25,-23,-78,-88,-92,-37,-59,-59,-54,-70,-143,-134,-362,0,0,0,0,0,0,0,0,0,0,0,0,0,0,0,0,0,0,0,0,0,0,0,0,0,0,0,0,0,0,0,0,0,0,0,0]} 1. c4 e5 2. Nc3 Bb4 3. Nd5 a5 4. Nf3 d6 5. a3 Bc5 {LiveBook: 7 Games} 6. e3 {A21: English Opening: 1...e5 2 Nc3} Nf6 (6... c6 7. d4 Ba7 8. Nc3 Nd7 9. Ne4 Bb8 10. d5 Ngf6 11. dxc6 Nxe4 12. cxd7+ Bxd7 {0-1 (55) Nepomniachtchi,I (2751)-Anand,V (2776) Moscow 2018}) 7. d4 Nxd5 $1 8. cxd5 exd4 9. exd4 Bb6 10. Bg5 f6 {[%cal Bf7f6,Bf6f5,Bf5f4][%mdl 32]} 11. Be3 O-O 12. Bd3 $146 f5 13. Qc2 h6 14. O-O f4 15. Bd2 Bg4 16. Be4 Nd7 17. Qd3 Qf6 18. Bc3 Bf5 19. Rae1 Bxe4 20. Qxe4 Qf5 21. Qe6+ Qxe6 22. dxe6 Nf6 23. h4 Nd5 24. Re4 Rf5 25. Bd2 Re8 26. b3 Kh7 27. Rfe1 Re7 28. Kh2 Kg6 29. a4 c6 30. Kh3 Rf8 31. R1e2 Kh5 32. Re1 g5 33. g4+ Kg6 (33... fxg3 $1 $15 34. Kxg3 Nf6) 34. R4e2 $1 $11 Rfe8 35. Kg2 Nc7 {[%cal Re7e6]} 36. b4 axb4 37. Bxb4 Rxe6 38. Rxe6+ Rxe6 39. Rxe6+ (39. Rb1 $11) 39... Nxe6 $17 40. Bxd6 Bxd4 $11 {[%mdl 4096] Endgame KBN-KBN} (40... Nxd4 $17 41. Ne5+ Kf6) 41. h5+ $15 Kf7 $1 42. Nxd4 Nxd4 {KB-KN} 43. Be5 ({Better is} 43. Ba3 $15) 43... Nb3 $17 44. Kf3 $2 {[#]} (44. Bc3 $17 {is the only way for White.}) 44... b6 $2 (44... b5 $1 $19 45. axb5 cxb5) 45. Bc7 $11 {The position is equal.} Nd2+ 46. Ke2 Nc4 {[#]} 47. a5 $1 {[%cal Ra5a6][%mdl 512]} bxa5 48. Kd3 Nb2+ 49. Kc2 $1 {[%cal Rc2b2]} Na4 {Strongly threatening ...f3.} 50. Bxa5 Nc5 {...f3 is the strong threat.} 51. f3 Nd7 {And now ...Ne5 would win.} 52. Bc3 Ke6 53. Kd3 Kd5 {aiming for ...Nc5+.} 54. Bg7 Ne5+ 55. Ke2 Nf7 56. Kd3 c5 57. Ke2 Kc4 58. Bf8 $1 Kd4 59. Bg7+ Kd5 60. Kd3 Ne5+ 61. Ke2 Nf7 62. Kd3 {Precision: White = 62%, Black = 75%.} 1/2-1/2

[Event "Yingmei CHN-chT 2018"]
[Site "Shenzhen"]
[Date "2018.04.13"]
[Round "3"]
[White "Wang, Yue"]
[Black "Ni, Hua"]
[Result "1/2-1/2"]
[WhiteElo "2690"]
[BlackElo "2670"]
[Annotator "TA"]
[PlyCount "61"]
[EventDate "2018.??.??"]
[EventCountry "CHN"]
[SourceTitle "playchess.com"]
[Source "ChessBase"]
[SourceQuality "1"]

{[%evp 27,61,0,0,-26,-29,-29,-37,-46,-39,-48,-19,-34,-53,-45,-41,-60,-55,-51,-31,-45,0,0,0,-8,-8,-20,-7,-4,0,0,0,0,0,0,0,0]} 1. d4 d5 2. c4 c6 3. Nf3 Nf6 4. cxd5 cxd5 5. Nc3 Nc6 6. Bf4 Bf5 7. e3 e6 8. Bd3 Bxd3 9. Qxd3 Bd6 10. Bxd6 Qxd6 11. O-O O-O 12. Rac1 Rfc8 13. a3 a6 {D14: Slav Defence: Exchange variation with ...Bf5} (13... Qd8 14. Ne2 Ne7 15. Rxc8 Rxc8 16. Rc1 Ne8 17. Rxc8 Qxc8 18. Qc3 Qxc3 19. Nxc3 f6 20. Ne1 Kf7 21. Nd3 {½-½ (30) Firat,B (2503)-Jobava,B (2712) Reykjavik 2017}) 14. Na4 Na5 {LiveBook: 3 Games} 15. Ne5 b5 {Black has an edge.} 16. Nc5 Nc4 17. Nxc4 bxc4 18. Qe2 $146 ({Predecessor:} 18. Qd1 Nd7 19. b4 cxb3 {0-1 (19) Garcia Rosales,J (2015)-Eshuis,H (2087) ICCF email 2015}) 18... h6 (18... Rab8 {is more complex.} 19. Rfe1 Nd7 20. Na4 e5 21. f3 Re8) 19. e4 {[#] Hoping for e5.} Nxe4 20. Nxe4 dxe4 21. Rxc4 Rxc4 22. Qxc4 $15 {[%mdl 4096] Endgame KQR-KQR} a5 23. b4 axb4 24. axb4 {The position is equal.} Rd8 25. b5 Qxd4 26. Qxd4 Rxd4 $11 {KR-KR} 27. Rb1 Rd7 28. b6 {[#] Black must now prevent b7.} Rb7 29. Kf1 Kf8 30. Ke2 Ke7 31. Ke3 1/2-1/2

[Event "Yingmei CHN-chT 2018"]
[Site "Shenzhen"]
[Date "2018.04.13"]
[Round "3"]
[White "Malakhov, Vladimir"]
[Black "Xu, Yi"]
[Result "1-0"]
[WhiteElo "2689"]
[BlackElo "2522"]
[Annotator "TA"]
[PlyCount "79"]
[EventDate "2018.??.??"]
[EventCountry "CHN"]
[SourceTitle "playchess.com"]
[Source "ChessBase"]
[SourceQuality "1"]

{[%evp 21,79,10,39,19,27,34,25,16,20,27,20,13,102,102,120,143,158,166,148,146,176,140,179,178,183,155,182,115,118,118,111,119,158,155,152,153,245,152,142,142,216,216,326,309,309,309,309,234,356,356,2533,2375,11393,10139,29967,29969,5406,5381,29977,10065]} 1. Nf3 Nf6 2. g3 d5 3. Bg2 e6 4. O-O Be7 5. d3 O-O 6. Nbd2 c5 7. e4 Nc6 8. Re1 b5 9. exd5 exd5 10. a4 {C00: French: Unusual White 2nd moves} bxa4 (10... b4 11. Nb3 Bg4 12. h3 Bh5 13. g4 Bg6 14. Bf4 Rc8 15. Ne5 Nxe5 16. Bxe5 Bd6 17. Qd2 Bxe5 18. Rxe5 {1-0 (34) Karjakin,S (2783)-Meier,G (2630) chess.com INT 2017}) 11. Rxa4 Bd7 {LiveBook: 3 Games} 12. Ra1 {White is slightly better.} h6 13. b3 Be6 14. Bb2 Nd7 {[#]} 15. Rxe6 $146 ({Predecessor:} 15. d4 Bf6 16. Nf1 Qb6 17. dxc5 Qxc5 18. Bxf6 Nxf6 {½-½ (30) Piorun,K (2659)-Xu,Y (2490) Moscow 2018}) 15... fxe6 16. Qe2 e5 {[#]} (16... Rf7 $11) 17. Ng5 $1 $36 {[%mdl 2560] White has strong initiative.} Nf6 (17... Bxg5 18. Bxd5+) 18. Ne6 Qd6 19. Nxf8 Rxf8 20. c4 Qd7 21. Bxe5 Nxe5 22. Qxe5 dxc4 23. Nxc4 Re8 24. Qc3 (24. Bf3 $18) 24... Ng4 {aiming for ...Bf6.} 25. Ne5 Nxe5 26. Qxe5 Rd8 {...Bf6 is the strong threat.} 27. Re1 Bf6 28. Qxc5 Qxd3 (28... g6 $16 29. Be4 Rc8) 29. Bf1 Qc3 30. Bc4+ Kh8 {[#]} (30... Kh7 $16 31. Re3 Qd4 32. Qf5+ g6) 31. Re3 $1 $18 {[%cal Re3c3]} Qd4 (31... Qc2 {was necessary.}) 32. Qf5 Qd1+ 33. Kg2 Qd7 34. Qe4 Rf8 (34... Rb8 {keeps fighting.} 35. Qg6 Qc8) 35. Qg6 Qc6+ $2 (35... Rd8 36. Re6 Be7) 36. f3 {Intending Bd3 and mate.} Rd8 37. Bd3 {[%csl Gd3][%cal Rg6h7]} Kg8 38. Qh7+ Kf8 39. Bc4 {[%cal Rh7h8]} Rd2+ 40. Kf1 {Precision: White = 86%, Black = 51%.} 1-0

[Event "Yingmei CHN-chT 2018"]
[Site "Shenzhen"]
[Date "2018.04.13"]
[Round "3"]
[White "Ma, Qun"]
[Black "Xu, Xiangyu"]
[Result "1-0"]
[WhiteElo "2645"]
[BlackElo "2574"]
[Annotator "TA"]
[PlyCount "107"]
[EventDate "2018.??.??"]
[EventCountry "CHN"]
[SourceTitle "playchess.com"]
[Source "ChessBase"]
[SourceQuality "1"]

{[%evp 21,107,43,38,39,48,27,33,33,46,43,43,47,65,74,72,53,60,35,98,89,76,80,70,74,68,58,70,63,91,78,78,56,55,45,44,48,59,45,67,66,66,66,68,47,42,42,62,62,53,53,94,70,85,102,151,90,215,80,225,232,368,363,359,371,371,363,1140,1061,1591,1593,1483,1428,1435,1410,1687,1646,2032,2069,12837,12838,12838,12839,12839,12838,12838,12838,12841,12841]} 1. e4 e5 2. Nf3 Nf6 3. Nxe5 d6 4. Nf3 Nxe4 5. d4 d5 6. Bd3 Nd6 7. O-O Be7 8. Bf4 O-O 9. Nbd2 Nd7 10. Re1 Re8 11. c3 {C42: Petroff Defence: 3 Nxe5 and unusual White 3rd moves} Nf8 {LiveBook: 11 Games} 12. Qb3 c6 13. Re2 $146 {White is slightly better.} ({Predecessor:} 13. h3 Ne6 14. Bh2 g6 15. a4 Nc7 16. Re2 Bf8 17. Rxe8 Ncxe8 18. Re1 Be6 {½-½ (32) Solak,D (2624)-Kuzubov,Y (2646) Kocaeli 2017}) 13... Ne6 14. Bg3 g6 15. Rae1 Bf8 16. c4 dxc4 17. Nxc4 Nxc4 18. Bxc4 b5 19. Bd3 Bb7 (19... a5 $14) 20. Ne5 Qd5 21. Qxd5 cxd5 22. Nd7 {And now Nf6+ would win.} Bg7 23. Nc5 Bc6 $1 24. Nxe6 fxe6 25. Be5 ({Reject} 25. Rxe6 $6 Bxd4 26. Kf1 Rac8 $11) 25... Bxe5 26. Rxe5 Bd7 27. h4 {[%cal Bh2h4,Bh4h5][%mdl 32]} Rf8 28. g3 Rac8 29. f4 Kg7 30. Kf2 a6 31. h5 Rc6 32. Rh1 Be8 33. h6+ Kf7 34. Rhe1 Bd7 35. g4 Rd6 36. Kg3 Kf6 37. Kh4 Rg8 38. Rf1 ({Better is} 38. a3) 38... Kf7 (38... Rf8 $16) 39. Kg5 (39. Rc1 $18 {has better winning chances.}) 39... Ke7 {[#]} (39... Rc6 $16) 40. Rc1 $1 $18 Bc6 (40... Kd8 $142 41. Rc5 Rb6) 41. Re2 Kd7 42. Rec2 Kc7 43. Kf6 e5+ $2 (43... Rb8 44. Ke5 Kd7) 44. Kf7 {White is clearly winning.} Rgd8 {[#]} 45. Rxc6+ $1 {[%mdl 512]} Rxc6 46. Rxc6+ Kxc6 47. fxe5 {[%mdl 4096] Endgame KR-KB} Rd7+ 48. Kg8 Re7 {[#]} 49. Bxg6 $1 {[%mdl 512]} hxg6 50. h7 Re8+ 51. Kg7 Re7+ 52. Kxg6 Re8 53. g5 Kd7 54. Kg7 {Precision: White = 78%, Black = 32%.} 1-0

[Event "Yingmei CHN-chT 2018"]
[Site "Shenzhen"]
[Date "2018.04.13"]
[Round "3"]
[White "Lu, Shanglei"]
[Black "Zhao, Jun"]
[Result "1-0"]
[WhiteElo "2640"]
[BlackElo "2601"]
[Annotator "TA"]
[PlyCount "95"]
[EventDate "2018.??.??"]
[EventCountry "CHN"]
[SourceTitle "playchess.com"]
[Source "ChessBase"]
[SourceQuality "1"]

{[%evp 25,95,28,41,32,37,33,34,33,40,35,39,34,39,21,26,12,17,20,32,32,31,25,28,21,29,20,25,25,49,10,19,7,7,5,3,6,12,0,30,17,163,0,0,0,8,8,132,87,138,138,138,177,193,247,242,239,168,77,74,68,371,371,429,429,429,429,5154,5121,4133,3512,1601,1478]} 1. e4 e5 2. Nf3 Nc6 3. Bb5 a6 4. Ba4 Nf6 5. O-O Be7 6. Re1 b5 7. Bb3 d6 8. c3 {[%cal Bc2c3,Bc3c4][%mdl 32]} O-O 9. h3 Nb8 10. d4 Nbd7 11. c4 c6 12. a3 Bb7 13. Nc3 Re8 {LiveBook: 3 Games. C95: Closed Ruy Lopez: Breyer Variation with 10 d4} (13... h6 14. Be3 Re8 15. Ba2 Bf8 16. Qb3 Qe7 17. Nh4 exd4 18. Nf5 Qd8 19. Bxd4 Re6 20. cxb5 axb5 21. Rad1 Nb6 22. Re3 {1-0 (46) Safarli,E (2664)-Alekseev,E (2633) Nakhchivan 2016}) 14. dxe5 $146 ({Predecessor:} 14. Ba2 Bf8 15. Qc2 exd4 16. Nxd4 d5 17. cxd5 cxd5 18. Bg5 dxe4 19. Qb3 Qe7 20. Nf5 Qe6 21. Qxe6 fxe6 {0-1 (39) Tsolakidou,S (2277)-Pancevski,F (2506) Kavala 2015}) 14... Nxe5 15. Nxe5 dxe5 {White is slightly better.} 16. Be3 Qxd1 17. Rexd1 Kf8 {[%cal Bg8f8,Bf8e8,Be8e7][%mdl 32]} 18. f3 Red8 19. Kf1 Ke8 20. Rac1 Rxd1+ 21. Nxd1 Nd7 22. Nf2 Bc5 23. Ke2 Bxe3 24. Kxe3 Ke7 25. Nd3 f6 26. g3 Kd6 27. h4 {[%cal Bh3h4,Bh4h5,Bh5h6][%mdl 32]} c5 28. h5 Bc6 29. Ba2 bxc4 30. Bxc4 Bb5 31. h6 g6 32. b4 $36 {[%mdl 2048] Black should prevent Bd5. White is pushing.} Rc8 (32... Bxc4 $11 33. Rxc4 Rc8) 33. a4 $2 ({Only move:} 33. Nxc5 $1 $18 Ke7 34. Bd5) 33... Bxc4 $11 34. Rxc4 {[%mdl 4096] Endgame KRN-KRN} Rc7 35. a5 Rc8 (35... g5 $1 $11 {keeps the balance.}) 36. f4 Rc6 {[#]} ({Better is} 36... Rc7) 37. bxc5+ $1 $16 Nxc5 38. Nb4 Rc7 39. Nd5 Rb7 40. Nxf6 Rb3+ 41. Kf2 (41. Kd2 $18 {has better winning chances.}) 41... exf4 42. Ne8+ (42. Nxh7 $2 Nd3+ 43. Kg1 f3 $17) 42... Ke7 $2 {[%mdl 8192]} (42... Kc6 $1 $14) 43. Rxc5 $18 fxg3+ 44. Kg2 {White is clearly winning.} Kxe8 {[#]} 45. Rc7 $1 {[%cal Rc7h7]} Re3 (45... Kf8 $142 46. Rxh7 Kg8 47. Rg7+ Kh8 48. Rxg6 Re3) 46. Rxh7 Kf8 47. Rh8+ Kf7 48. Ra8 {Precision: White = 54%, Black = 38%.} 1-0

[Event "Yingmei CHN-chT 2018"]
[Site "Shenzhen"]
[Date "2018.04.13"]
[Round "3"]
[White "Zhou, Jianchao"]
[Black "Zhao, Chenxi"]
[Result "1-0"]
[WhiteElo "2616"]
[BlackElo "2275"]
[Annotator "TA"]
[PlyCount "55"]
[EventDate "2018.??.??"]
[EventCountry "CHN"]
[SourceTitle "playchess.com"]
[Source "ChessBase"]
[SourceQuality "1"]

{[%evp 15,55,67,60,50,45,62,105,101,95,73,66,70,92,92,109,94,160,144,168,81,159,136,134,137,326,324,320,320,308,292,466,429,446,442,546,553,539,539,658,647,29972,11668]} 1. d4 Nf6 2. c4 b6 3. f3 Nc6 4. Nc3 Bb7 5. d5 Ne5 6. e4 {A50: Queen's Fianchetto Defence (1 d4 Nf6 2 c4 b6)} e6 7. f4 Ng6 8. e5 Ng8 {LiveBook: 3 Games} 9. Nf3 Bb4 10. Bd3 exd5 $146 ({Predecessor:} 10... Nh6 11. O-O O-O 12. Ng5 {0-1 (46) Gavrish,L (2212)-Iturrizaga Bonelli,E (2652) Lisbon 2017}) 11. cxd5 Nh4 12. g3 Nxf3+ 13. Qxf3 Ne7 14. Be4 O-O 15. O-O d6 (15... Ng6 $142) 16. f5 $1 $36 {[%mdl 2048] Black is under strong pressure.} ({Weaker is} 16. Qh5 g6 $11) 16... dxe5 17. d6 (17. f6 $18 Ng6 18. Bg5) 17... Bc5+ ({Better is} 17... Bxe4 18. Nxe4 Nd5) 18. Kh1 Bxe4 19. Nxe4 {aiming for f6.} Bxd6 $2 (19... Nc6 $16) 20. f6 $18 Nd5 21. fxg7 Kxg7 22. Qh5 $1 ({And not} 22. Qg4+ Kh8 $11) 22... f6 {[#]} (22... Qd7 $142 23. Bh6+ Kh8) 23. Bh6+ $1 Kh8 24. Rad1 c6 25. Bxf8 Qxf8 {[#]} 26. Ng5 $1 {[%csl Gg5][%cal Rh5h7][%mdl 512]} Qe7 {[#]} (26... fxg5 27. Rxf8+) 27. Rxd5 $1 {[%mdl 512] Intending Rxf6! and mate.} cxd5 {[#]} 28. Rxf6 $1 {[%mdl 512] Precision: White = 78%, Black = 28%.} 1-0